000 00308nam a2200145Ia 4500
100 _aKumbhojkar/G.v
650 _aEngineering Mathematics
942 _cBK
366 _f15
245 _aEngineering Mathematics-II
260 _bP.Jamnadas
_c2019
082 _a510
_bKUM
546 _aENGLISH
999 _c34764
_d34764